000
00328nam a2200133Ia 4500
008
231129s1996||||xx |||||||||||||| ||spa||
040
_b
spa
082
_a
986.101 Z93m
100
_a
Zuluaga Gomez Victor
245
0
_a
Mundos reales e imaginarios del Choco
260
_c
1996
264
_a
Ediciones Oriana
942
_2
ddc
_c
BKS
999
_c
21497
_d
21497